LIBRARY & INFORMATION CENTRE, KCAET, TAVANUR

ONLINE PUBLIC ACCESS CATALOGUE (OPAC)

Technologies for sustainable green environment (Record no. 13995)

MARC details
000 -LEADER
fixed length control field 00283nam a22001097a 4500
020 ## - INTERNATIONAL STANDARD BOOK NUMBER
ISBN 9789381450420
082 ## - DEWEY DECIMAL CLASSIFICATION NUMBER
Classification number 628
Item number DAV/TE
100 ## - MAIN ENTRY--AUTHOR NAME
Personal name Davamani,V
245 ## - TITLE STATEMENT
Title Technologies for sustainable green environment
260 ## - PUBLICATION, DISTRIBUTION, ETC. (IMPRINT)
Place of publication New Delhi
Name of publisher New India Publishing Agency
Year of publication 2012
942 ## - ADDED ENTRY ELEMENTS (KOHA)
Koha item type Books
Holdings
Withdrawn status Lost status Damaged status Collection code Home library Current library Shelving location Date acquired Source of acquisition Cost, normal purchase price Full call number Accession Number Koha item type
      Non-fiction KAUAET KAUAET General Stacks 30/03/2013 A & A , Tvpm 895.00 628 DAV/TE 23833 Books
free website counter